000 00953nas a2200289 4500
001 BR2012005243
003 BR-BrBNA
005 20231205120849.0
007 ta
008 230509b bl.|||p| |||| 00| 00por d
040 _aBR-BrBNA
_bpor
_cBiblioteca Nacional de Agricultura
041 _a(Pt)
072 _aP10
100 1 _aLopes, M.T.
100 1 _aToledo Netto, P.
100 1 _aLourencetti, C.
100 1 _aMarchi, M.R.R. de
100 1 _aRibeiro, M.L.
245 1 _aValidação e aplicação de método para análise de pesticidas em água para consumo humano de Dourados (MS)por Clae/UV e CG/DTE
650 _aPESTICIDA
650 _aRECURSO HÍDRICO
650 _aCONTAMINAÇÃO
650 _aQUALIDADE DA ÁGUA
773 0 _tPesticidas. Revista de Ecotoxicologia e Meio Ambiente (Brazil)
_xISSN 0103-7277
_g(Jan-Dec 2011), v. 21 p. 103-116
_wBR2012005243
909 _a202311
_bLúcia
_c55
_dLúcia Elande
942 _2AGRIS
_n0
_cANA
999 _c220701
_d220701